000 00432nam a2200157Ia 4500
005 20250410114422.0
008 231217s9999 xx 000 0 und d
020 _a9788173665899
082 _a001.6424LIN BOV;4
100 _aBovet, Daniel P. Cesati, Marco.
245 0 _aUnderstanding the linux kernel
250 _a2nd ed.
260 _c2003
_bShroff publishers & Distributors
_aMumbai
300 _axv, 765+9
942 _cAA
999 _c198548
_d198548